Human Capital: (Record no. 151)

MARC details
000 -LEADER
fixed length control field 01165cam a2200313 a 4500
001 - CONTROL NUMBER
control field 3942516
003 - CONTROL NUMBER IDENTIFIER
control field OSt
005 - DATE AND TIME OF LATEST TRANSACTION
control field 20210526155225.0
008 - FIXED-LENGTH DATA ELEMENTS--GENERAL INFORMATION
fixed length control field 930507s1993 ilua b 001 0 eng
010 ## - LIBRARY OF CONGRESS CONTROL NUMBER
LC control number 93024690
020 ## - INTERNATIONAL STANDARD BOOK NUMBER
International Standard Book Number 0226041190 (cloth : alk. paper)
020 ## - INTERNATIONAL STANDARD BOOK NUMBER
International Standard Book Number 0226041204 (paper)
040 ## - CATALOGING SOURCE
Original cataloging agency DLC
Transcribing agency DLC
Modifying agency DLC
043 ## - GEOGRAPHIC AREA CODE
Geographic area code n-us---
082 00 - DEWEY DECIMAL CLASSIFICATION NUMBER
Classification number 331.11 BEC 1993
Edition number 20
100 1# - MAIN ENTRY--PERSONAL NAME
Personal name Becker, Gary S.
9 (RLIN) 407
245 10 - TITLE STATEMENT
Title Human Capital:
Remainder of title a theoretical and empirical analysis, with special reference to education
250 ## - EDITION STATEMENT
Edition statement 3rd ed.
260 ## - PUBLICATION, DISTRIBUTION, ETC. (IMPRINT)
Place of publication, distribution, etc. Chicago;
Name of publisher, distributor, etc. The University of Chicago Press,
Date of publication, distribution, etc. c1993.
300 ## - PHYSICAL DESCRIPTION
Extent xxii, 390 p. :
Other physical details ill. ;
Dimensions 24 cm.
504 ## - BIBLIOGRAPHY, ETC. NOTE
Bibliography, etc Includes bibliographical references and indexes.
650 #0 - SUBJECT ADDED ENTRY--TOPICAL TERM
Topical term or geographic name as entry element Manpower policy
9 (RLIN) 409
650 #0 - SUBJECT ADDED ENTRY--TOPICAL TERM
Topical term or geographic name as entry element Human capital
9 (RLIN) 410
856 42 - ELECTRONIC LOCATION AND ACCESS
Materials specified Publisher description
Uniform Resource Identifier http://www.loc.gov/catdir/description/uchi051/93024690.html
856 41 - ELECTRONIC LOCATION AND ACCESS
Materials specified Table of contents only
Uniform Resource Identifier http://www.loc.gov/catdir/enhancements/fy0608/93024690-t.html
906 ## - LOCAL DATA ELEMENT F, LDF (RLIN)
a 7
b cbc
c orignew
d 1
e ocip
f 19
g y-gencatlg
942 ## - ADDED ENTRY ELEMENTS (KOHA)
Source of classification or shelving scheme Other/Generic Classification Scheme
Koha item type Book Bank
Holdings
Withdrawn status Lost status Source of classification or shelving scheme Damaged status Not for loan Home library Current library Date acquired Source of acquisition Inventory number Total Checkouts Full call number Barcode Date last seen Koha item type
    Dewey Decimal Classification     MUST Main Library MUST Main Library 09/07/2014 Purchase 12/36308   331.11 BEC 1993 2014-0406 09/07/2014 Open Shelf
    Dewey Decimal Classification     MUST Main Library MUST Main Library 09/07/2014 Purchase 12/36312   331.11 BEC 1993 2014-0407 09/07/2014 Open Shelf
    Dewey Decimal Classification     MUST Main Library MUST Main Library 09/07/2014 Purchase 12/36313   331.11 BEC 1993 2014-0408 09/07/2014 Open Shelf
    Dewey Decimal Classification     MUST Main Library MUST Main Library 09/07/2014 Purchase 12/36311   331.11 BEC 1993 2014-0409 09/07/2014 Open Shelf
    Dewey Decimal Classification     MUST Main Library MUST Main Library 09/07/2014 Purchase 12/36310   331.11 BEC 1993 2014-0410 09/07/2014 Open Shelf
    Dewey Decimal Classification     MUST Main Library MUST Main Library 09/07/2014 Purchase 12/36309   331.11 BEC 1993 2014-0411 09/07/2014 Open Shelf